[Event "Kemerovo Region Cup sf"]
[Site "Kemerovo"]
[Date "2014.07.22"]
[Round "2"]
[White "Savintsev, Dmitriy"]
[Black "Karasev, Vasiliy"]
[Result "1-0"]
[WhiteElo "1894"]
[BlackElo "1780"]
[PlyCount "71"]
[EventDate "2014.07.21"]
[EventType "swiss"]
[EventRounds "9"]
[EventCountry "RUS"]
[SourceTitle "EXT 2016"]
[Source "ChessBase"]
[SourceDate "2015.10.08"]
[SourceVersion "1"]
[SourceVersionDate "2015.10.08"]
[SourceQuality "1"]

1. h4 e5 2. d3 Nf6 3. c4 Bc5 4. Nc3 Nc6 5. a3 a6 6. Bd2 d6 7. e3 Bg4 8. Be2 Bxe2 9. Qxe2 Qd7 10. 0-0-0 0-0-0 11. b4 Ba7 12. Kc2 Rhe8 13. Nh3 Qf5 14. f3 Qh5 15. Ra1 Qf5 16. Rhb1 Qe6 17. b5 axb5 18. Rxb5 Bb6 19. a4 Nd7 20. a5 Bxa5 21. Rbxa5 Nxa5 22. Rxa5 Nb6 23. Qd1 Kd7 24. c5 dxc5 25. Rxc5 Ke7 26. Rxc7+ Rd7 27. Rxd7+ Qxd7 28. Qb1 Qd6 29. Nf2 Kf8 30. Nfe4 Qc6 31. Kd1 Rd8 32. Ke2 Qg6 33. g4 Qe6 34. Nc5 Qc6 35. N3e4 Rb8 36. Qxb6 1-0

[Event "Kuzbass-ch"]
[Site "Kemerovo"]
[Date "2010.10.27"]
[Round "6"]
[White "Savintsev, Dmitriy"]
[Black "Riabov, Aleksandr"]
[Result "0-1"]
[WhiteElo "1878"]
[BlackElo "2072"]
[PlyCount "58"]
[EventDate "2010.10.23"]
[EventType "swiss"]
[EventRounds "9"]
[EventCountry "RUS"]
[SourceTitle "EXT 2011"]
[Source "ChessBase"]
[SourceDate "2010.11.26"]
[SourceVersion "1"]
[SourceVersionDate "2010.11.26"]
[SourceQuality "1"]

1. d4 Nf6 2. c4 e6 3. f3 d5 4. Nh3 b6 5. Nf2 Bb7 6. Qb3 Be7 7. c5 Ba6 8. Qa4+ Qd7 9. Qxd7+ Nbxd7 10. b4 bxc5 11. dxc5 0-0 12. a4 c6 13. Na3 Rfb8 14. Bd2 d4 15. Nc2 Nd5 16. Nxd4 Bf6 17. e3 Bxf1 18. Kxf1 Nxb4 19. Bxb4 Rxb4 20. Nxc6 Rc4 21. Rd1 Nxc5 22. Ng4 Nxa4 23. Nxf6+ gxf6 24. Nd4 Nb6 25. Kf2 Nd5 26. Rd3 a5 27. Ra1 a4 28. Kg3 Nxe3 29. h4 Rxd4 0-1

[Event "Kuzbass-ch"]
[Site "Kemerovo"]
[Date "2010.10.26"]
[Round "5"]
[White "Medvedev, Emelian"]
[Black "Savintsev, Dmitriy"]
[Result "1-0"]
[WhiteElo "2090"]
[BlackElo "1878"]
[PlyCount "83"]
[EventDate "2010.10.23"]
[EventType "swiss"]
[EventRounds "9"]
[EventCountry "RUS"]
[SourceTitle "EXT 2011"]
[Source "ChessBase"]
[SourceDate "2010.11.26"]
[SourceVersion "1"]
[SourceVersionDate "2010.11.26"]
[SourceQuality "1"]

1. c4 b6 2. Nf3 Bb7 3. g3 Bxf3 4. exf3 c5 5. d4 cxd4 6. Qxd4 Nc6 7. Qd1 Rc8 8. Nc3 g6 9. Be3 Bg7 10. Rc1 Nh6 11. f4 0-0 12. Bg2 Qc7 13. 0-0 Rfd8 14. Qa4 Nf5 15. Nb5 Qb8 16. b3 Nfd4 17. Nxd4 Nxd4 18. Rfe1 e6 19. Bd2 b5 20. cxb5 Qxb5 21. Rxc8 Rxc8 22. Qxa7 d5 23. Kh1 Qd3 24. Qb7 Qc2 25. Be3 h5 26. h3 Rc7 27. Qb8+ Rc8 28. Qb6 Qd3 29. Qb7 Rc2 30. Qb8+ Kh7 31. Qe8 Nf5 32. Qxf7 Nxe3 33. Rxe3 Qd1+ 34. Kh2 Rc1 35. h4 Qg1+ 36. Kh3 Qxf2 37. Rxe6 Qc2 38. Re7 Qb2 39. f5 Rc6 40. Bxd5 Ra6 41. fxg6+ Rxg6 42. Be4 1-0

[Event "Berdsk Maestro op 16th"]
[Site "Berdsk"]
[Date "2010.07.14"]
[Round "7"]
[White "Khlichkova, Tatiana"]
[Black "Savintsev, Dmitriy"]
[Result "1-0"]
[WhiteElo "2062"]
[BlackElo "1882"]
[PlyCount "21"]
[EventDate "2010.07.08"]
[EventType "swiss"]
[EventRounds "9"]
[EventCountry "RUS"]
[SourceTitle "EXT 2011"]
[Source "ChessBase"]
[SourceDate "2010.11.26"]
[SourceVersion "1"]
[SourceVersionDate "2010.11.26"]
[SourceQuality "1"]

1. d4 f5 2. Nc3 d5 3. h4 Nf6 4. Nf3 e6 5. h5 Be7 6. Bf4 c6 7. e3 Ne4 8. Nxe4 fxe4 9. Ne5 Bd6 10. Qg4 Bxe5 11. dxe5 1-0

[Event "Kemerovo op 08"]
[Site "Kemerovo"]
[Date "2009.08.24"]
[Round "4"]
[White "Kneita, Arunas"]
[Black "Savintsev, Dmitriy"]
[Result "1-0"]
[WhiteElo "2114"]
[BlackElo "1832"]
[PlyCount "63"]
[EventDate "2009.08.22"]
[EventType "swiss"]
[EventRounds "9"]
[EventCountry "RUS"]
[SourceTitle "EXT 2012"]
[Source "ChessBase"]
[SourceDate "2011.11.24"]
[SourceVersion "1"]
[SourceVersionDate "2011.11.24"]
[SourceQuality "1"]

1. Nf3 c6 2. c4 f5 3. d4 Nf6 4. d5 d6 5. Nc3 g6 6. g3 Bg7 7. Bg2 0-0 8. 0-0 Qe8 9. Nd4 Bd7 10. Nb3 c5 11. Bd2 b6 12. Qc1 Na6 13. Bh6 Nc7 14. Bxg7 Kxg7 15. Nd2 Rd8 16. e4 b5 17. Re1 Qf7 18. b3 e5 19. dxe6 Bxe6 20. Nxb5 Nxb5 21. cxb5 Rb8 22. Qc3 Kg8 23. e5 Ng4 24. exd6 f4 25. Qxc5 fxg3 26. fxg3 Rxb5 27. Qxb5 Qf2+ 28. Kh1 Qxd2 29. Qe2 Nf2+ 30. Kg1 Qd4 31. Qxe6+ Kh8 32. Qe5+ 1-0

[Event "Kemerovo op 08"]
[Site "Kemerovo"]
[Date "2009.08.23"]
[Round "3"]
[White "Medvedev, Emelian"]
[Black "Savintsev, Dmitriy"]
[Result "1-0"]
[WhiteElo "2066"]
[BlackElo "1832"]
[PlyCount "73"]
[EventDate "2009.08.22"]
[EventType "swiss"]
[EventRounds "9"]
[EventCountry "RUS"]
[SourceTitle "EXT 2012"]
[Source "ChessBase"]
[SourceDate "2011.11.24"]
[SourceVersion "1"]
[SourceVersionDate "2011.11.24"]
[SourceQuality "1"]

1. d4 f5 2. c4 Nf6 3. g3 c6 4. Bg2 d6 5. Nc3 Qc7 6. e4 e5 7. Nge2 Be7 8. 0-0 0-0 9. c5 dxc5 10. dxe5 Nxe4 11. Nxe4 fxe4 12. Qb3+ Kh8 13. Bf4 Qb6 14. Qxb6 axb6 15. Bxe4 Be6 16. a3 Nd7 17. h4 Bc4 18. Rfd1 Nxe5 19. Bxe5 Bxe2 20. Rd7 Bf6 21. Bxf6 Rxf6 22. Rxb7 Raf8 23. f4 Re6 24. Bg2 b5 25. Re1 h5 26. Bxc6 Rxc6 27. Rxe2 Rg6 28. Kf2 b4 29. axb4 cxb4 30. Rxb4 Rf7 31. Re5 Rh6 32. Rbb5 g6 33. Rb8+ Kg7 34. Ree8 Rh7 35. b4 Kh6 36. Re6 Rb7 37. f5 1-0

[Event "Berdsk Maestro op 15th"]
[Site "Berdsk"]
[Date "2009.07.09"]
[Round "2"]
[White "Kiryushkin, Alexander"]
[Black "Savintsev, Dmitriy"]
[Result "1/2-1/2"]
[WhiteElo "2035"]
[BlackElo "1832"]
[PlyCount "63"]
[EventDate "2009.07.08"]
[EventType "swiss"]
[EventRounds "9"]
[EventCountry "RUS"]
[SourceTitle "EXT 2022"]
[Source "ChessBase"]
[SourceDate "2021.10.06"]
[SourceVersion "1"]
[SourceVersionDate "2021.10.06"]
[SourceQuality "1"]

1. e4 e6 2. Nf3 d5 3. Nc3 dxe4 4. Nxe4 Bd7 5. d4 Bc6 6. Bd3 Bxe4 7. Bxe4 c6 8. 0-0 Nf6 9. Bd3 Nbd7 10. Re1 Be7 11. Bg5 0-0 12. Qe2 h6 13. Bh4 Nd5 14. Bxe7 Qxe7 15. Rad1 Nf4 16. Qe4 Nxd3 17. Qxd3 Nf6 18. Ne5 Nd7 19. f4 Nxe5 20. Rxe5 Qf6 21. Qe4 Rfd8 22. Rd3 Rd5 23. c4 Rxe5 24. dxe5 Qe7 25. Rd6 Qc7 26. b4 Qb6+ 27. c5 Qa6 28. Qc2 Qa3 29. Qd2 a5 30. Rd7 axb4 31. Rxb7 Qc3 32. Qxc3 1/2-1/2

[Event "Kuzbass-ch op"]
[Site "Kemerovo"]
[Date "2008.11.20"]
[Round "8"]
[White "Savintsev, Dmitriy"]
[Black "Starkov, S."]
[Result "1-0"]
[WhiteElo "1859"]
[BlackElo "2262"]
[PlyCount "63"]
[EventDate "2008.11.14"]
[EventType "swiss"]
[EventRounds "9"]
[EventCountry "RUS"]
[SourceTitle "EXT 2022"]
[Source "ChessBase"]
[SourceDate "2021.10.06"]
[SourceVersion "1"]
[SourceVersionDate "2021.10.06"]
[SourceQuality "1"]

1. c4 e5 2. Nc3 Nc6 3. g3 f5 4. Bg2 Nf6 5. e3 d6 6. Nge2 g6 7. d3 Bg7 8. Nd5 0-0 9. h4 Ne7 10. Nxf6+ Bxf6 11. h5 g5 12. f4 gxf4 13. exf4 Kh8 14. Bd2 exf4 15. Nxf4 Bxb2 16. Kf1 Rg8 17. Qb3 Be5 18. d4 Bf6 19. Re1 Nc6 20. Ng6+ Kg7 21. Qe3 Bg5 22. Qxg5 Qxg5 23. Bxg5 hxg6 24. Bxc6 bxc6 25. Re7+ Kf8 26. Rxc7 Be6 27. hxg6 Bxc4+ 28. Kf2 Rxg6 29. Rh8+ Rg8 30. Bh6+ Ke8 31. Rhh7 Bxa2 32. Rcd7 1-0

[Event "SibFR-ch U16"]
[Site "Tomsk"]
[Date "2008.11.07"]
[Round "7"]
[White "Obogoev, Boris"]
[Black "Savintsev, Dmitriy"]
[Result "1/2-1/2"]
[WhiteElo "1898"]
[BlackElo "1859"]
[PlyCount "95"]
[EventDate "2008.11.01"]
[EventType "swiss"]
[EventRounds "9"]
[EventCountry "RUS"]
[SourceTitle "EXT 2022"]
[Source "ChessBase"]
[SourceDate "2021.10.06"]
[SourceVersion "1"]
[SourceVersionDate "2021.10.06"]
[SourceQuality "1"]

1. d4 e6 2. c4 d5 3. Qc2 c6 4. g3 Bd6 5. Bg2 f5 6. Nh3 Nf6 7. Bf4 Bxf4 8. Nxf4 0-0 9. 0-0 g5 10. Nd3 Ne4 11. Nd2 Qf6 12. e3 Bd7 13. Nf3 Be8 14. Nfe5 Nd6 15. c5 Nf7 16. f4 Nxe5 17. Nxe5 Nd7 18. Nxd7 Bxd7 19. Qd2 Rae8 20. Qb4 Bc8 21. Qd2 Re7 22. Kh1 h6 23. b4 Rh7 24. Qf2 Rff7 25. h4 gxh4 26. gxh4 Rfg7 27. Bf3 Kf8 28. a4 Rh8 29. Rg1 Rhg8 30. Rxg7 Qxg7 31. Rg1 Qxg1+ 32. Qxg1 Rxg1+ 33. Kxg1 Bd7 34. Kf2 Ke7 35. Ke1 Be8 36. Kd2 Kd8 37. Kc3 Kc7 38. Be2 a6 39. Kb3 b5 40. cxb6+ Kxb6 41. Ka3 Ka7 42. Kb3 Kb6 43. Ka3 Ka7 44. b5 a5 45. bxc6 Bxc6 46. Bh5 Kb6 47. Bf7 Bd7 48. Kb3 1/2-1/2

[Event "SibFR-ch U16"]
[Site "Tomsk"]
[Date "2008.11.04"]
[Round "4"]
[White "Savintsev, Dmitriy"]
[Black "Puraev, Artemiy"]
[Result "0-1"]
[WhiteElo "1859"]
[BlackElo "2033"]
[PlyCount "28"]
[EventDate "2008.11.01"]
[EventType "swiss"]
[EventRounds "9"]
[EventCountry "RUS"]
[SourceTitle "EXT 2022"]
[Source "ChessBase"]
[SourceDate "2021.10.06"]
[SourceVersion "1"]
[SourceVersionDate "2021.10.06"]
[SourceQuality "1"]

1. c4 e6 2. e4 d5 3. exd5 exd5 4. d4 Nf6 5. Nc3 Bb4 6. Nf3 0-0 7. cxd5 Nxd5 8. Qd3 Re8+ 9. Be2 Qe7 10. Bd2 Bxc3 11. bxc3 Bf5 12. Qc4 b5 13. Qxb5 c6 14. Qc4 Nb6 0-1